| 000 | 01434nam a2200265 a 4500 | ||
|---|---|---|---|
| 001 | BS0003361 | ||
| 003 | BR-BrBNA | ||
| 005 | 20230418192307.0 | ||
| 008 | 230308b |||||||| |||| 00| 0 por d | ||
| 040 |
_aBR-BrBNA _bpor _cBiblioteca Nacional de Agricultura |
||
| 041 | _apor | ||
| 072 | _aB52 | ||
| 090 | _aB52 BS0003361 | ||
| 110 | 1 | _aRepública Federativa do Brasil | |
| 245 | 1 | _aLivro branco de Defesa Nacional / | |
| 250 | 1 | _as. ed. | |
| 260 | 3 |
_aBrasilia, DF: _bMinisterio da Defesa, _c2012. |
|
| 300 | _a282 p. | ||
| 500 | _aContém DVD: O DVD que acompanha este Volume contém material de texto e audiovisual que suplementa o conteúdo dos seis capitulos. | ||
| 520 | 3 | _aO Livro Branco é um documento público, em forma de livro, que expõe a visão do governo sobre o tema da defesa, a ser apresentado à comunidade nacional e internacional e pode ser considerado instrumento de prestações de contas, na medida em que apresenta ao público o que se espera dos instrumentos nacionais de defesa. Como definiu o ex-ministro da Defesa Nelson Jobim, a publicação é uma "importante contribuição à população brasileira, por divulgar temas de defesa e justificar as alocações dos recursos orçamentários necessários para alcançar os níveis de desempenho exigidos pela Política Nacional de Defesa" | |
| 650 | _aPOLITICA | ||
| 650 | _aGOVERNO | ||
| 909 |
_a202304 _bSergio Santos _c56 _dSergio Santos |
||
| 942 | _cBK | ||
| 999 |
_c8424 _d8424 |
||